| 000 | 00827aam a2200301a 44500 | ||
|---|---|---|---|
| 008 | 930106s1978 cat | ||
| 017 | _aGI-220-1978 | ||
| 020 | _a8440048599 | ||
| 041 | _acat | ||
| 080 | _a738(038) | ||
| 100 |
_aMartínez Noguera, Pere _965886 |
||
| 245 |
_aTerrissa de La Bisbal: L'argila com a matèria, el procés d'elaboració com a pràctica _cPere Martínez Noguera |
||
| 260 |
_aLa Bisbal _b[L'autor] _c1978 |
||
| 300 |
_a109 p. _bil. _c21 cm |
||
| 500 | _aVocabularis: p.75 | ||
| 520 | _aaprox. 350 | ||
| 546 | _acatalà | ||
| 591 | _a2490 | ||
| 592 | _aObra terminològica | ||
| 593 | _aJB | ||
| 594 | _a2490 | ||
| 650 |
_aceràmica _962678 |
||
| 901 | _cDL <1978> | ||
| 902 | _a930106 | ||
| 942 |
_cMO _n0 _2ddc |
||
| 999 |
_c54836 _d54836 |
||